000 00308nam a2200121Ia 4500
008 191201s2012 xx 000 0 und d
100 _aWEISS,MarkAllen
245 0 _aData Structures and Algorithms Analysis in C++
260 _aN. delhi
_bPearson
_c2012
300 _a606
650 _aMCA
942 _2ddc
_cBK
_07
999 _c6485
_d6485